000 00463nmm a2200169Ia 4500
008 251105s9999||||xx |||||||||||||||||und||
041 _acat
100 _aCondie, Ally
245 0 _aJunts. Camins creuats
264 _a[Madrid, España] :
_bLa Galera,
_c2012
300 _a273 páginas
650 _aTeen & Young Adult Fiction
700 _aCondie, Ally
700 1 _a Vidal, Jordi
856 _uhttps://public.digitaliapublishing.com/a/32415
942 _cCF
999 _c64137
_d64137